Animated Movies by Picture - T - Statistics

General Stats
  • This quiz has been taken 351 times
  • The average score is 7 of 12
Answer Stats
Picture Answer % Correct
Toy Story
100%
Tarzan
97%
Tangled
94%
Trolls
93%
Tinker Bell
87%
Turbo
86%
Teenage Mutant Ninja Turtles: Mutant Mayhem
83%
Treasure Planet
42%
The Tale of Despereaux
17%
The Tale of The Princess Kaguya
15%
Tales from Earthsea
11%
Tokyo Godfathers
7%
No matching quizzes found
Score Distribution
Percent of People with Each Score
Percentile by Number Answered
Your Score History
You have not taken this quiz